THE GREATNESS GUIDE (Record no. 112229)

MARC details
000 -LEADER
fixed length control field 00453nam a2200193Ia 4500
008 - FIXED-LENGTH DATA ELEMENTS--GENERAL INFORMATION
fixed length control field 090124s9999 xx 000 0 und d
020 ## - INTERNATIONAL STANDARD BOOK NUMBER
International Standard Book Number 81-7992-576-5
082 ## - DEWEY DECIMAL CLASSIFICATION NUMBER
Item number 45972
100 ## - MAIN ENTRY--PERSONAL NAME
Personal name SHARMA ROBBIN S.
245 ## - TITLE STATEMENT
Title THE GREATNESS GUIDE
250 ## - EDITION STATEMENT
Edition statement 10
260 ## - PUBLICATION, DISTRIBUTION, ETC. (IMPRINT)
Date of publication, distribution, etc 2007
300 ## - PHYSICAL DESCRIPTION
Extent 221
600 ## - SUBJECT ADDED ENTRY--PERSONAL NAME
Personal name SHARMA ROBBIN S.
630 ## - SUBJECT ADDED ENTRY--UNIFORM TITLE
Uniform title THE GREATNESS GUIDE
700 ## - ADDED ENTRY--PERSONAL NAME
Personal name SHARMA ROBBIN S.
730 ## - ADDED ENTRY--UNIFORM TITLE
Uniform title THE GREATNESS GUIDE
942 ## - ADDED ENTRY ELEMENTS (KOHA)
Koha item type Book
Holdings
Withdrawn status Lost status Damaged status Not for loan Home library Current library Date acquired Cost, normal purchase price Total Checkouts Full call number Barcode Date last seen Cost, replacement price Price effective from Koha item type
        Nagar Wachan Mandir, Thane Nagar Wachan Mandir, Thane   175.00   45972 THNNWM-45972 01/24/2009 175.00 01/24/2009 Book